| 000 | 00929nam a2200265Ia 4500 | ||
|---|---|---|---|
| 003 | OSt | ||
| 005 | 20221005112743.0 | ||
| 006 | a|||||r|||| 00| 0 | ||
| 007 | ta | ||
| 008 | 221004b |||||||| |||| 00| 0 pan d | ||
| 020 |
_a9788182994140 (hbk) _cINR 495.00 |
||
| 024 | _a45021 | ||
| 037 |
_b1053, 08/02/2019, H.K. Prakashan _cTextual |
||
| 040 |
_aCRL _cCRL _bpan |
||
| 041 |
_2pan _apan |
||
| 082 | _aO153,3N37x, Q8 | ||
| 100 | _aਨੇਗੀ, ਚੰਦਨ, ਂਚ. | ||
| 245 | 0 | _aਨਾਗਮਣੀ ਦੀਆਂ ਕਣੀਆਂ | |
| 260 |
_aਦਿੱਲੀ _bਆਰਸੀ ਪਬਲਿFਰੂਗ਼ ਭਾਰਤ _c2018 |
||
| 300 |
_a375ਪ੍ਰ0 _ccm. |
||
| 650 | _a ਪੰਜਾਬੀ ਕਹਾਣੀ | ||
| 650 | _aਪੰਜਾਬੀ ਸਾਹਿਤ | ||
| 942 |
_hO153,3N37x, Q8 _cTEXL _2cc |
||
| 999 |
_c1025876 _d1025876 |
||